| 000 | 00474nam a2200193Ia 4500 | ||
|---|---|---|---|
| 005 | 20250425160933.0 | ||
| 008 | 250425s9999 xx 000 0 und d | ||
| 041 | _aspa | ||
| 082 | _a544.92 | ||
| 100 | _aKNOX, JOHN H. | ||
| 245 | 0 | _aCROMATOGRAFÍA DE GASES | |
| 250 | _a1A ED. | ||
| 260 | _aMEXICO | ||
| 260 |
_aMéxico _bUNION TIPOGRAFICA EDITORIAL HISPANO AMERICANA _c1965 |
||
| 300 | _a165 | ||
| 650 | _aCROMATOGRAFIA DE GASES | ||
| 942 | _c01 | ||
| 010 | _a8805 | ||
| 999 |
_c199222 _d199222 |
||